The wheel of fire; (Record no. 26632)

000 -LEADER
fixed length control field 01573cam a22002771 4500
001 - CONTROL NUMBER
control field 10154191
003 - CONTROL NUMBER IDENTIFIER
control field OSt
005 - DATE AND TIME OF LATEST TRANSACTION
control field 20170206084440.0
008 - FIXED-LENGTH DATA ELEMENTS--GENERAL INFORMATION
fixed length control field 720210s1930 enk 000 0 eng
010 ## - LIBRARY OF CONGRESS CONTROL NUMBER
LC control number 31002952
035 ## - SYSTEM CONTROL NUMBER
System control number (OCoLC)237917
040 ## - CATALOGING SOURCE
Original cataloging agency DLC
Transcribing agency OHirC
Modifying agency OCoLC
-- DLC
042 ## - AUTHENTICATION CODE
Authentication code premarc
050 00 - LIBRARY OF CONGRESS CALL NUMBER
Classification number PR2983
Item number .K6
082 ## - DEWEY DECIMAL CLASSIFICATION NUMBER
Classification number 822.33
100 1# - MAIN ENTRY--PERSONAL NAME
Personal name Knight, George Wilson,
Dates associated with a name 1897-
245 14 - TITLE STATEMENT
Title The wheel of fire;
Remainder of title essays in interpretation of Shakespeare's sombre tragedies,
Statement of responsibility, etc. by G. Wilson Knight ...
260 ## - PUBLICATION, DISTRIBUTION, ETC. (IMPRINT)
Place of publication, distribution, etc. London,
Name of publisher, distributor, etc. H. Milford, Oxford University Press,
Date of publication, distribution, etc. 1930.
300 ## - PHYSICAL DESCRIPTION
Extent xix, 296 p.
Dimensions 23 cm.
500 ## - GENERAL NOTE
General note These essays continue my interpretation of Shakespeare's plays begun in Myth and miracle. Many represent recastings and expansions of work which has appeared in different journals. cf. Pref.
505 0# - FORMATTED CONTENTS NOTE
Formatted contents note Introduction, by T.S. Eliot.--On the principles of Shakespeare interpretation.--Hamlet's melancholia.--The embassy of death: an essay on Hamlet.--The philosophy of Troilus and Cressida.--Measure for measure and the Gospels.--The Othello music.--Brutus and Macbeth.--Macbeth and the metaphysic of evil.--Lear and the comedy of the grotesque.--The Lear universe.--The pilgrimage of hate: an essay on Timon of Athens.--Shakespeare and Tolstoy.--Symbolic personfication.--The Shakespearian metaphysic.
600 10 - SUBJECT ADDED ENTRY--PERSONAL NAME
Personal name Shakespeare, William,
Dates associated with a name 1564-1616
General subdivision Tragedies.
906 ## - LOCAL DATA ELEMENT F, LDF (RLIN)
a 7
b cbc
c oclcrpl
d u
e ncip
f 19
g y-gencatlg
942 ## - ADDED ENTRY ELEMENTS (KOHA)
Source of classification or shelving scheme
Koha item type Hard Covered Materials
Classification part PR 2983 .K55 1930
Holdings
Withdrawn status Lost status Source of classification or shelving scheme Damaged status Not for loan Home library Current library Shelving location Date acquired Source of acquisition Total Checkouts Full call number Barcode Date last seen Price effective from Koha item type
          MACHAKOS UNIVERSITY LIBRARY MACHAKOS UNIVERSITY LIBRARY Technical section 06/02/2017 Donation (BFA)   PR 2983 .K55 1930 34147 08/06/2018 06/02/2017 Hard Covered Materials
© Machakos University Library, Along The Highway, Machakos Wote Rd, Machakos, Kenya P.O. Box 136 - 90100 Machakos - Kenya

Tel: ( +254 ) 723 805829 OR Fax : 044-20353 OR Email: library@mksu.ac.ke